000 00469nam a22001337a 4500
999 _c527519
_d527519
008 240903b ||||| |||| 00| 0 eng d
100 _aPhukan, D., Kumar, B. and Kaushik, A.
_957768
245 _aIntegrating wisdom of Yoga into casework practice: Evidence from the field
260 _aMadhya Pradesh Journal of Social Sciences
300 _a27(1), Jun, 2022: p.13-28
773 _aMadhya Pradesh Journal of Social Sciences
906 _aYOGA
942 _cAR